| 000 | 00726nam a2200253 a 4500 | ||
|---|---|---|---|
| 001 | 75438 | ||
| 003 | BD-RjUL | ||
| 005 | 20211209082704.0 | ||
| 008 | 190407s1996 ii d 000 0 eng d | ||
| 035 | _a(BD-RjUL)75656 | ||
| 040 |
_aDLC _cRIU _dRIU _dEQO _dBD-RjUL _beng |
||
| 041 | _aeng | ||
| 082 |
_223 _a657.42 _bBAT1996 |
||
| 100 | 1 |
_aBasu, Sankar Prasad _9138507 |
|
| 245 | 1 | 0 |
_aTheory and practice of costing / _cSnnkar Prasad Basu and Monilal Das |
| 250 | _aRev. 7th. ed. | ||
| 260 |
_aCalcutta : _bRabindra Library, _c1996 |
||
| 300 |
_a V. ; _c22 cm |
||
| 505 | _a Vol. 1 -- | ||
| 650 | 0 |
_aCost accounting _9138508 |
|
| 650 | 0 |
_aFactories _xAccounting _9138509 |
|
| 700 |
_a Das, Monilal _9230245 |
||
| 942 |
_2ddc _cBK |
||
| 999 |
_c75438 _d75438 |
||